000 00801nam a2200241Ia 4500
003 OSt
005 20220923214022.0
006 a|||||r|||| 00| 0
007 ta
008 220922b |||||||| |||| 00| 0 hin d
024 _a166,496
037 _cTextual
040 _aARTS
_cARTS
_bhin
041 _2hin
_ahin
082 _aO152,1N11x, K4;M0
100 _aनेपाली, गोपालसिंह
245 0 _aउमंग
_b कविता संग्रह
246 _aUhinga: kavitā sangraha
260 _aदिल्ली
_b ज्ञान प्रकाशन
_c1980
650 _aहिन्दी साहित्य
_9156264
942 _hO152,1N11x, K4;M0
_cTEXL
_2CC
999 _c320975
_d320975